000
nam a22 7a 4500
999
_c
45349
_d
45349
003
OSt
005
20190404113825.0
008
190404b xxu||||| |||| 00| 0 eng d
040
_c
IIMT UNIVERSITY
100
_a
KANDA ARUN
245
_a
PROJECT MANAGEMENT
260
_a
NEW DELHI
_b
PHI LEARNING PVT.LTD.
_c
2011
300
_a
223
942
_2
ddc
_c
09